Szczegóły MARC21

Ukraїnsʹka versifikacìâ : pitannâ ìstorìї ta teorìї : zbìrnik pracʹ Vseukraїnsʹkoї naukovoї konferencìї prisvâčenoї ûvìleêvì doktora fìlologìčnih nauk, profesora Natalìї Vasilìvni Kostenko /

003 -Nazwa inst., której nr kontr. jest w polu 001 [,]
    • @
    • Nazwa instytucji, której n kontrolny jest w polu 001
    • NUKAT
005 -DATA I CZAS OSTATNIEJ MODYFIKACJI [,]
    • @
    • pole kontrolne
    • 20241231102918.0
040 -Instytucja sporządzająca opis [ , ]
    • a
    • Instytucja, która sporządziła opis (NP)
    • SZCZ U/AB
    • b
    • Język katalogowania
    • pol
    • e
    • Zasady katalogowania
    • rda
    • c
    • Instytucja, która sporządziła rekord (NP)
    • SZCZ U/ABs
942 -Rodzaj dokumentu [ , ]
    • c
    • Rodzaj dokumentu
    • Książka
245 -Strefa tytułu i oznaczenia odpowiedzialności [0,0]
    • a
    • Tytuł
    • Ukraїnsʹka versifikacìâ : Find
    • b
    • Ciąg dalszy tytułu (NP)
    • pitannâ ìstorìї ta teorìї : zbìrnik pracʹ Vseukraїnsʹkoї naukovoї konferencìї prisvâčenoї ûvìleêvì doktora fìlologìčnih nauk, profesora Natalìї Vasilìvni Kostenko / Find
    • c
    • Pozostałe elementy strefy tytułu i oznaczenia odpowiedzialności (NP)
    • upor.: B. I. Bunčuk, R. V. Pazûk ; Mìnìsterstvo osvìti ì nauki Ukraïni, Černìvecʹkij nacìonalʹnij unìversitet ìmenì Ûrìâ Fedʹkoviča.
260 -Strefa adresu wydawniczego [ , ]
    • a
    • Miejsce wydania (P)
    • Černìvcì :
    • b
    • Nazwa wydawcy (P)
    • Černìvecʹkij nacìonalʹnij unìversitet,
    • c
    • Data wydania (P)
    • 2017.
300 -Strefa opisu fizycznego [ , ]
    • a
    • Określenie formy książki i/lub objętość (NP)
    • 254, [2] strony :
    • b
    • Oznaczenie ilustracji (NP)
    • ilustracje ;
    • c
    • Format (NP)
    • 20 cm.
336 -Typ zawartości [ , ]
    • a
    • Termin opisujący typ zawartości
    • Tekst
    • b
    • Kod określający zawartość
    • txt
    • 2
    • Źródło (terminu i kodu)
    • rdacontent
337 -Typ mediów [ , ]
    • a
    • Tryb odtwarzania
    • Bez urządzenia pośredniczącego
    • b
    • Kod typu mediów
    • n
    • 2
    • Źródło (terminu i kodu)
    • rdamedia
338 -Typ/rodzaj nośnika [ , ]
    • a
    • Hasło opisujące typ nośnika
    • Wolumin
    • b
    • Kod typu nośnika
    • nc
    • 2
    • Źródło (terminu i kodu)
    • rdacarrier
504 -Uwaga dot. bibliogr. załącznikowej [ , ]
    • a
    • Uwaga dot. bibliografii załącznikowej
    • Bibliografia na końcu każdego rozdziału.
650 -Hasło przedmiotowe [ ,7]
    • a
    • Hasło przedmiotowe
    • Teoria literatury
    • v
    • Określnik formalny
    • konferencje.
    • 2
    • Źródło terminu
    • kaba
    • 9
    • KHW
    • 351391
650 -Hasło przedmiotowe [ ,7]
    • a
    • Hasło przedmiotowe
    • Poetyka
    • v
    • Określnik formalny
    • konferencje.
    • 2
    • Źródło terminu
    • kaba
    • 9
    • KHW
    • 379859
650 -Hasło przedmiotowe [ ,7]
    • a
    • Hasło przedmiotowe
    • Wersyfikacja
    • v
    • Określnik formalny
    • konferencje.
    • 2
    • Źródło terminu
    • kaba
    • 9
    • KHW
    • 488403
655 -Hasło w funkcji tematu formalnego [ ,7]
    • a
    • Hasło
    • Literatura ukraińska.
    • 2
    • Źródło terminu
    • kaba
    • 9
    • KHW
    • 117516
700 -Hasło dodatkowe - nazwa osobowa [1, ]
    • a
    • Nazwa osobowa (NP)
    • Bunčuk, Boris Ìvanovič Find
    • d
    • Daty biograficzne (NP)
    • (1955- ).
    • e
    • Określenie rodzaju współpracy
    • Redakcja
    • 9
    • KHW
    • 488495
700 -Hasło dodatkowe - nazwa osobowa [1, ]
    • a
    • Nazwa osobowa (NP)
    • Pazûk, Roman Volodimirovič. Find
    • e
    • Określenie rodzaju współpracy
    • Redakcja
    • 9
    • KHW
    • 488496
710 -Hasło dodatkowe - nazwa ciała zbiorowego [2, ]
    • a
    • Nazwa ciała zbiorowego lub nazwa geograficzna jako pierwszy element (NP)
    • Černìvecʹkij nacìonalʹnij unìversitet ìm. Û. Fedʹkoviča.
    • e
    • Rodzaj współpracy
    • Instytucja sprawcza
    • e
    • Rodzaj współpracy
    • Wydawca
    • 4
    • Kod relacji
    • pbl
    • 9
    • KHW
    • 272370
710 -Hasło dodatkowe - nazwa ciała zbiorowego [1, ]
    • a
    • Nazwa ciała zbiorowego lub nazwa geograficzna jako pierwszy element (NP)
    • Ukraina.
    • b
    • Nazwa jednostki podrzędnej (P)
    • Mìnìsterstvo osvìti ì nauki (1999-2010).
    • e
    • Rodzaj współpracy
    • Instytucja sprawcza
    • 9
    • KHW
    • 472031
Sygnatura Status udost. Numer inwentarzowy Data inwentaryzacji Lokalizacja
UKR. Literaturoznawstwo 051P.270242019-01-22BM